| 000 | 01238cam a22003137a 4500 | ||
|---|---|---|---|
| 003 | CHAP | ||
| 005 | 20220329133918.0 | ||
| 008 | 971013s1974 r 00010 d | ||
| 010 | _a12609 | ||
| 011 | _a13581 | ||
| 035 | _a17653 | ||
| 040 | _cCHAP | ||
| 090 | _aFolleto 2831 | ||
| 100 | 0 | 0 |
_aGivogri, Carlos A. _948223 |
| 245 | 1 | 3 | _aLa exportación de productos no tradicionales y la independencia de la economía argentina; informe preliminar |
| 260 |
_a(s.l.) : _bUniversidad Nacional de Córdoba. Instituto de Economía y Finanzas, _c1974 |
||
| 300 | _a38 p. | ||
| 490 | 0 |
_aUniversidad Nacional de Córdoba. Instituto de Economía y Finanzas. Serie de Investigaciones _v; 19 |
|
| 590 |
_aBATCH-UPD _b10 _c20130110 _lUCH01 _h1554 |
||
| 590 |
_aBATCH-UPD _b10 _c20130410 _lUCH01 _h0952 |
||
| 590 |
_aBATCH-UPD _b10 _c20130914 _lUCH01 _h0358 |
||
| 590 |
_aCONVERSION _b10 _c20130109 _lUCH01 _h1308 |
||
| 650 | 1 | 4 |
_aArgentina _xCondiciones económicas. _96985 |
| 650 | 1 | 4 |
_aExportación e importación _xArgentina. _939081 |
| 830 | 0 |
_aUniversidad Nacional de Córdoba. Instituto de Economía y Finanzas. Serie de Investigaciones _v; 19 _9116569 |
|
| 901 | _aBK | ||
| 942 | _cFOLL | ||
| 949 |
_aFolleto 2831 _bBC _cFOLL _d-41501 _eTS1 _i17653 _si |
||
| 999 |
_c12609 _d12609 |
||